书目信息 |
| 题名: |
社区规划的设计模拟
|
|
| 作者: | 佐藤滋 著 ;黄杉 , 吴骏 , 徐明 译 | |
| 分册: | ||
| 出版信息: | 杭州 浙江大学出版社 2015.11 |
|
| 页数: | 133页 | |
| 开本: | 26cm | |
| 丛书名: | ||
| 单 册: | ||
| 中图分类: | TU984.12 | |
| 科图分类: | ||
| 主题词: | 社区--she qu--城市规划 | |
| 电子资源: | ||
| ISBN: | 978-7-308-15159-7 | |
| 000 | 01595nam0 2200325 450 | |
| 001 | CA2016000817 | |
| 005 | 20201118111353.26 | |
| 010 | @a978-7-308-15159-7@dCNY25.00 | |
| 100 | @a20160104d2015 em y0chiy50 ea | |
| 101 | 1 | @achi@cjpn |
| 102 | @aCN@b330000 | |
| 105 | @aak a 000yy | |
| 106 | @ar | |
| 200 | 1 | @a社区规划的设计模拟@Ashe qu gui hua de she ji mo ni@d= Machizukuri design games@f(日) 佐藤滋等著@F( ri ) zuo teng zi den zhu@g黄杉, 吴骏, 徐明译@Ghuang shan , wu jun , xu ming yi@zeng |
| 210 | @a杭州@c浙江大学出版社@d2015.11 | |
| 215 | @a133页@c图@d26cm | |
| 300 | @a住房和城乡建设部2015年科学技术项目 资助编号: 2015-R2-061 | |
| 320 | @a有书目 | |
| 330 | @a本书所介绍的社区规划设计模拟, 是作者历经10余年, 在社区规划的现场与居民、专家、行政官员一起经历无数次的失败总结后形成的一套操作系统, 编辑后公开出版希望能成为社区规划实用领域的操作手册。通过对居住社区、商业街区内的特色街道进行整治改造的同时, 研究如何创造一个悠闲的生活空间 ; 在木结构住宅密集区域的防灾和日常生活环境整治提升中, 与社区规划委员会共同开展社区愿景的设计 ; 街区尺度的住宅共同改建 ; 全新的社区生活和活动与具体的空间结构的设计表现 ; 各类社区规划的现场等等, 本书所介绍的基于各种项目场景下的设计模拟策略都是有效的公众参与工具。 | |
| 510 | 1 | @aMachizukuri design games@zeng |
| 540 | @a社区规划的设计模拟 | |
| 606 | 0 | @a社区@Ashe qu@x城市规划 |
| 690 | @aTU984.12@v5 | |
| 701 | 0 | @a佐藤滋@Azuo teng zi@4著 |
| 702 | 0 | @a黄杉@Ahuang shan@4译 |
| 702 | 0 | @a吴骏@Awu jun@4译 |
| 702 | 0 | @a徐明@Axu ming@4译 |
| 801 | @aCN | |
| 901 | @a20 | |
| 905 | @a河南城建学院图书馆@b1292907-9@dTU984.12@eZ994@f3 | |
| 社区规划的设计模拟= Machizukuri design games/(日) 佐藤滋等著/黄杉, 吴骏, 徐明译.-杭州:浙江大学出版社,2015.11 |
| 133页:图;26cm |
| 住房和城乡建设部2015年科学技术项目 资助编号: 2015-R2-061 |
| ISBN 978-7-308-15159-7:CNY25.00 |
| 本书所介绍的社区规划设计模拟, 是作者历经10余年, 在社区规划的现场与居民、专家、行政官员一起经历无数次的失败总结后形成的一套操作系统, 编辑后公开出版希望能成为社区规划实用领域的操作手册。通过对居住社区、商业街区内的特色街道进行整治改造的同时, 研究如何创造一个悠闲的生活空间 ; 在木结构住宅密集区域的防灾和日常生活环境整治提升中, 与社区规划委员会共同开展社区愿景的设计 ; 街区尺度的住宅共同改建 ; 全新的社区生活和活动与具体的空间结构的设计表现 ; 各类社区规划的现场等等, 本书所介绍的基于各种项目场景下的设计模拟策略都是有效的公众参与工具。 |
| ● |
| 相关链接 |
|
|
|
正题名:社区规划的设计模拟
索取号:TU984.12/Z994
 
预约/预借
| 序号 | 登录号 | 条形码 | 馆藏地/架位号 | 状态 | 备注 |
| 1 | 1292907 | 212929076 | 建筑库201/201建筑库 63排6列1层/ [索取号:TU984.12/Z994] | 在馆 | |
| 2 | 1292908 | 212929083 | 建筑库201/201建筑库 63排6列1层/ [索取号:TU984.12/Z994] | 在馆 | |
| 3 | 1292909 | 212929090 | 建筑库201/201建筑库 63排6列1层/ [索取号:TU984.12/Z994] | 在馆 |